000
00207 a2200097 4500
001
2561
100
_a
Roper, H R T
245
_a
Hitler's war directives
260
_a
_b
Pan Books Ltd
_c
090
_c
1857
_d
1857
942
_a
NUST-CAE
_c
M
_c
9524
999
_c
237634
_d
237634